LEADER 01053cam0 2200301 450 001 E600200048382 005 20220113143626.0 100 $a20090424d1967 |||||ita|0103 ba 101 $aita 102 $aIT 200 1 $aPlatone$fMichele Federico Sciacca 205 $a2 ed. 210 $aMilano$cMarzorati$d1967 215 $a2 v.$d22 cm 225 2 $aOpere complete di Michele F$hSciacca$v26, 27 410 1$1001LAEC00026612$12001 $a*Opere complete di Michele F. Sciacca$v26, 27 700 1$aSciacca$b, Michele Federico$3AF00016380$4070$0159046 801 0$aIT$bUNISOB$c20220113$gRICA 850 $aUNISOB 852 $aUNISOB$j100$m18025 852 $aUNISOB$j100$m18026 912 $aE600200048382 940 $aM 102 Monografia moderna SBN 941 $aM 957 $a100$b001868$i-1$gSi$d18025$racquisto$1massimo$2UNISOB$3UNISOB$420090424135429.0$520220113143550.0$6bethb 957 $a100$b001868$i-2$gSI$d18026$racquisto$1bethb$2UNISOB$3UNISOB$420220113143555.0$520220113143626.0$6bethb 996 $aPlatone$9740393 997 $aUNISOB